| 000 | 00581nam a22002057a 4500 | ||
|---|---|---|---|
| 999 |
_c6722 _d6722 |
||
| 003 | OSt | ||
| 005 | 20200309154524.0 | ||
| 008 | 200309b ||||| |||| 00| 0 eng d | ||
| 020 | _a9780071244749 | ||
| 040 | _cDDC | ||
| 082 | _a511.1 ROS 2007 | ||
| 100 |
_aRosen, Keneth H. _913808 |
||
| 245 | _aDiscrete Mathematics and its Applications | ||
| 250 | _a6th ed. | ||
| 260 |
_aBoston; _bMcGraw Hill, _c2007 |
||
| 300 |
_axxii,843p; _bCol.ill: _c26cm |
||
| 504 | _aAppendices, bibliography, answers, & index included | ||
| 650 |
_aDiscrete mathematics _92694 |
||
| 942 |
_2ddc _cO_SHELF |
||